000 00666nam a2200229Ia 4500
003 OSt
005 20221006165133.0
006 a|||||r|||| 00| 0
007 ta
008 221006b |||||||| |||| 00| 0 hin d
024 _a5,744
037 _cTextual
040 _aFML
_cFML
_bhin
041 _2hin
_ahin
082 _aO15:gx1,1:g(NR), Q2
100 _aSharma Maharani Au.
_9679168
245 0 _aBharatiya Sangeet Shastra Main Bharat Ka Yogdaan
260 _aDelhi
_bKanishka Publishers and Distributors India
_c2012
300 _a231
_ccm.
942 _hO15:gx1,1:g(NR), Q2
_cTEXL
_2CC
999 _c1119743
_d1119743